Environmental Science: Earth as a Living Planet (Record no. 370641)
[ view plain ]
| 000 -LEADER | |
|---|---|
| fixed length control field | 01759nam a2200217 4500 |
| 005 - DATE AND TIME OF LATEST TRANSACTION | |
| control field | 20260312141631.0 |
| 008 - FIXED-LENGTH DATA ELEMENTS--GENERAL INFORMATION | |
| fixed length control field | 260310b |||||||| |||| 00| 0 eng d |
| 020 ## - INTERNATIONAL STANDARD BOOK NUMBER | |
| International Standard Book Number | 9780470414385 |
| 041 ## - LANGUAGE CODE | |
| Language code of text/sound track or separate title | English |
| 082 ## - DEWEY DECIMAL CLASSIFICATION NUMBER | |
| Classification number | 333.7 |
| Item number | BOT |
| 100 ## - MAIN ENTRY--PERSONAL NAME | |
| Author | Botkin Daniel B. |
| 245 ## - TITLE STATEMENT | |
| Title | Environmental Science: Earth as a Living Planet |
| 250 ## - EDITION STATEMENT | |
| Edition statement | 7th |
| 260 ## - PUBLICATION, DISTRIBUTION, ETC. | |
| Place of publication, distribution, etc. | Asia |
| Name of publisher, distributor, etc. | John Wiley & Sons, INC. |
| Date of publication, distribution, etc. | 2010 |
| 300 ## - PHYSICAL DESCRIPTION | |
| Extent | 665 |
| 365 ## - TRADE PRICE | |
| Price amount | 391.30 |
| 521 ## - TARGET AUDIENCE NOTE | |
| Target audience note | Chapter 1 Introduction to Environmental Science <br/>Chapter 2 The Scientific Method and Environmental Sciences <br/>Chapter 3 How to Think About Complex Systems <br/>Chapter 4 Introduction to Populations and to the Human Population <br/>Chapter 5 The Chemistry of Life <br/>Chapter 6 Ecosystem: The Unit that Sustains Life <br/>Chapter 7 Diversity of Life <br/>Chapter 8 Biomes <br/>Chapter 9 Ecological Energy Flow <br/>Chapter 10 Restoring Damaged Ecosystems <br/>Chapter 11 The Ecology of Food Production <br/>Chapter 12 Farming and the Environment <br/>Chapter 13 Forests and the Environment <br/>Chapter 14 Wildlife and the Environment <br/>Chapter 15 How the Environment Affects our Health <br/>Chapter 16 Chance and Catastrophes <br/>Chapter 17 Energy Concepts Important in Environmental Science <br/>Chapter 18 Oil, Natural Gas, and Coal <br/>Chapter 19 Wind, Solar, and Other New Sources of Energy <br/>Chapter 20 Nuclear Power <br/>Chapter 21 How We Obtain and Use Water <br/>Chapter 22 How We Pollute and Clean the Water <br/>Chapter 23 Global Warming <br/>Chapter 24 Air Pollution <br/>Chapter 25 The Air We Breathe Indoors <br/>Chapter 26 Mining and Environment <br/>Chapter 27 Environmental Economics <br/>Chapter 28 Cities as Environment <br/>Chapter 29 Treating Wastes <br/><br/> |
| 650 ## - SUBJECT ADDED ENTRY--TOPICAL TERM | |
| Topical term or geographic name entry element | Environment |
| 700 ## - ADDED ENTRY--PERSONAL NAME | |
| Personal name | Keller Edward A. |
| 942 ## - ADDED ENTRY ELEMENTS (KOHA) | |
| Koha item type | Books |
| Withdrawn status | Lost status | Source of classification or shelving scheme | Damaged status | Not for loan | Home library | Current library | Date acquired | Vendor | Net Price | Bill number | Total Checkouts | Full call number | Barcode | Date last seen | Bill Date | Koha item type |
|---|---|---|---|---|---|---|---|---|---|---|---|---|---|---|---|---|
| Dewey Decimal Classification | School of Fashion Technology | School of Fashion Technology | 05/03/2026 | Amazon.in | 391.30 | EKME-27852 | 333.7 BOT | SOFT-BK-5004 | 10/03/2026 | 23/02/2026 | Books |